000 00541nam a22001697a 4500
005 20260107111426.0
008 260107b |||||||| |||| 00| 0 eng d
020 _a978-178583306-9
050 _aLB 1062.L33 2018
100 _aLAAR BILL
245 _aRECLAIMING THE CURRICULUM
_bSPECIALIST AND CREATIVE TEACHING IN PRIMARY SCHOOLS
260 _aUNITED KINGDOM
_bCROWN HOUSE PUBLISHING
_c2018
300 _aX,291
650 _aCreative ability in children-Creative thinking in children
700 _aHOLDERNESS JACKIE
942 _2lcc
_cBK
999 _c216417
_d216417